Las industrias paleolíticas de la Maya I en su ámbito regional / (Record no. 138722)
[ view plain ]
| 000 -LEADER | |
|---|---|
| campo de control de longitud fija | 00834nam a2200217 4500 |
| 001 - NÚMERO DE CONTROL | |
| campo de control | 138722 |
| 003 - IDENTIFICADOR DE NÚMERO DE CONTROL | |
| campo de control | ES-MaACL |
| 005 - FECHA Y HORA DE LA ÚLTIMA TRANSACCIÓN | |
| campo de control | 20230906195624.0 |
| 007 - CAMPO FIJO DE DESCRIPCIÓN FÍSICA--INFORMACIÓN GENERAL | |
| campo de control de longitud fija | t| |
| 008 - DATOS DE LONGITUD FIJA--INFORMACIÓN GENERAL | |
| campo de control de longitud fija | 070214s1984 sp r ||||1| spa d |
| 100 1# - ENTRADA PRINCIPAL--NOMBRE DE PERSONA | |
| Nombre de persona | Santonja, Manuel. |
| 9 (RLIN) | 103453 |
| 245 14 - MENCIÓN DEL TÍTULO | |
| Título | Las industrias paleolíticas de la Maya I en su ámbito regional / |
| Mención de responsabilidad, etc. | Manuel Santonja y Alfredo Pérez González. |
| 260 ## - PUBLICACIÓN, DISTRIBUCIÓN, ETC. | |
| Lugar de publicación, distribución, etc. | [Madrid] : |
| Nombre del editor, distribuidor, etc. | Subdirección General de Arqueología y Etnografía, |
| Fecha de publicación, distribución, etc. | 1984. |
| 300 ## - DESCRIPCIÓN FÍSICA | |
| Extensión | 347 p. : |
| Otras características físicas | il. ; |
| Dimensiones | 29 cm + |
| Material acompañante/anejo | 2 h. pleg. |
| 490 1# - MENCIÓN DE SERIE | |
| Mención de serie | Excavaciones arqueológicas en España |
| 700 1# - ENTRADA AGREGADA--NOMBRE PERSONAL | |
| Nombre de persona | Pérez González, Alfredo. |
| 9 (RLIN) | 90908 |
| 710 2# - ENTRADA AGREGADA--NOMBRE DE ENTIDAD CORPORATIVA | |
| Nombre de entidad corporativa o nombre de jurisdicción como elemento de entrada | España. |
| Unidad subordinada | Subdirección General de Arqueología y Etnografía. |
| 9 (RLIN) | 3710 |
| 830 0# - PUNTO DE ACCESO ADICIONAL DE SERIE-TÍTULO UNIFORME | |
| Título uniforme | Excavaciones arqueológicas en España |
| 9 (RLIN) | 177264 |
| 852 ## - LOCALIZACIÓN | |
| Ubicación | ES-MaACL |
| Número de control de estantería | L-8087 |
| Sublocalización o colección | R.108521 |
| Estatus retirado | Estado de pérdida | Estado de daño | No para préstamo | Biblioteca de origen | Biblioteca actual | Ubicación en estantería | Fecha de adquisición | Fuente de adquisición | Total de préstamos | Signatura topográfica completa | Código de barras | Visto por última vez | Precio de reemplazo | Tipo de ítem Koha |
|---|---|---|---|---|---|---|---|---|---|---|---|---|---|---|
| Biblioteca del Ateneo de Madrid | Biblioteca del Ateneo de Madrid | Depósito 2 | 17/01/2008 | L-8087 | 1144352 | 23/02/2023 | 23/02/2023 | Libro impreso |
